000 00433nam a2200181Ia 4500
001 24781
005 20260414151106.0
008 260414t2007||||xx |||||||||||||| ||spa||
041 _aESP
082 _a345.733
_bS18
100 _aSalazar Puente de la Vega, Mercedes
_eAUT
245 0 _aProtocolo notarial
_b
260 _c2007
300 _a542 páginas :
_ccm.
650 _aDER
654 _aCDE
942 _cLIB
_dJUS
_fJUS
_2ddc
_n
999 _c24781
_d24781